In Nomine Jesu Disputatio Theologica De Ministerio Ecclesiastico et Vocatione Ministrorum Ad Munus Ecclesiasticum. Quam Auxilio Divino Publicae ventilationi sistunt

Podrobná bibliografia
Hlavní autori: Hnilický, Ján (Autor, Dedikátor), Piscator, Matúš (Autor), Ladiver, Samuel (Autor)
Ďalší autori: Dadan, Ján, zomrel asi 1674 (Tlačiar)
Médium: Kniha
Jazyk:latinčina
Fyzický popis:A4-B4, 8 listov 18 cm
Predmet:

MARC

LEADER 00000cam a2200000 4500
001 vtls001483830
003 SK-MaSNL
005 20260302040658.0
008 251112s1666 xo a f 010 0 lat
015 |a SNBHFA 
035 |a cpl000129871 
040 |a SNK  |b slo  |c SNK  |e rda 
041 0 |a lat 
044 |a xo  |c SK 
072 7 |a 2-1  |x Prirodzená teológia. Náboženská filozofia  |2 konspekt 
080 |a 2-1  |2 2011 
080 |a (043.3)  |2 2011 
100 1 |a Hnilický, Ján  |4 aut  |4 dto  |9 348352 
245 1 0 |a In Nomine Jesu Disputatio Theologica  |b De Ministerio Ecclesiastico et Vocatione Ministrorum Ad Munus Ecclesiasticum. Quam Auxilio Divino Publicae ventilationi sistunt  |c Praeses Johannes Hniliczenus p. t. Scholae Solnensis Rector et Respondens Matthaeus Piscator Carp. Scholae ejusdem Alumn. et Eccl. Org. Ad diem [perom vpísané: 17] Maji. Anno 1666 
264 3 |a Excusum Solnae  |b apud Johannem Dadan  |c Anno 1666 
300 |a A4-B4, 8 listov  |c 18 cm 
336 |a text  |b txt  |2 rdacontent 
337 |a bez média  |b n  |2 rdamedia 
338 |a zväzok  |b nc  |2 rdacarrier 
500 |a Vinety, vlys, linka, kustody 
508 |a Dva varianty venovania. Var. A: Praeses "Eccl. Soln. Diaconus designatus" venuje Joachimovi Kalinkiovi, farárovi ilavskej cirkvi a superintendentovi evanj. cirkví Trenč., Lipt. a Oravskej stolice i Samuelovi Chalupkiovi, evanj. farárovi mesta Trenčína a dekanovi kontubernia, ako aj Jánovi Melkovi de Rajecz, kapitánovi hradu Lietava, Eliášovi Gilanimu, správcovi majetkov turzovskej rodiny hradu Lietava, Krištofovi Burgstallerovi, mešťanovi a členovi rady mesta Bratislavy, Jánovi Schrotovi, správcovi majetkov hradu Strečnianskeho, ako aj richtárovi Jurajovi Diuranovi a ostatným členom rady mesta Žiliny i jeho celému občianstvu 
508 |a Var. B: Praeses najprv rovnako venuje Joachimovi Kalinkiovi farárovi ilavskej cirkvi a superintendentovi evanj. cirkví Trenč., Lipt. a Oravskej stolice i Samuelovi Chalupkiovi, evanj. farárovi mesta Trenčína a dekanovi kontubernia, potom však richtárovi Danielovi Lypskému de Lyppa a ostatným členom rady mesta Trenčína 
508 |a Na konci latinské verše: Samuel Ladiver Soln. - Juventus Schol. Soln. 
510 4 |a Čaplovič  |c II/2492 
546 |a Latinský text  |b Antikva 
561 |a Proveniencia: vlepený Exlibris Matica Slovenská.  |5 SNK SD 2694/6 
563 |a Väzba: previazaná, tmavohnedá hladká koža.  |5 SNK SD 2694/6 
650 0 7 |a teológia  |2 SNKPH  |9 1814 
655 7 |a dizertácie  |2 SNKPH  |9 70277 
700 1 |a Piscator, Matúš  |4 aut  |9 691288 
700 1 |a Dadan, Ján,  |d zomrel asi 1674  |4 prt  |9 92100 
700 1 |a Kalinka, Joachim  |4 hnr  |9 288505 
700 1 |a Chalupka, Samuel,  |d zomrel 1668  |4 hnr  |9 691289 
700 1 |a Lipský, Daniel  |4 hnr  |9 383667 
700 1 |a Ladiver, Samuel  |4 aut  |9 691290 
710 2 |a Trenčín (Slovensko).  |b Mestská rada  |4 hnr  |9 304571 
710 2 |a Matica slovenská  |4 fmo  |9 14662 
752 |a Slovensko  |d Žilina 
852 |a snk  |p SD 2694/6 (var. B) 
958 |a ONDV 
958 |a DC 
999 |c 1075680  |d 1077610 
952 |a SNK  |b SNK  |y PREZ  |7 0  |p 17A0440664  |o snkSD 2694/6  |i snk1386/30  |0 0  |1 0  |4 0  |d 2004-10-19  |f 1  |l 0  |r 2025-10-30 00:00:00  |w 2026-02-24